[Event "Titled Tue 10th Jun Late"]
[Site "chess.com INT"]
[Date "2025.06.10"]
[Round "1"]
[White "Izafatava, Kira"]
[Black "Erdogan, Anil Berk"]
[Result "0-1"]
[BlackTitle "CM"]
[WhiteElo "2036"]
[BlackElo "2091"]
[WhiteFideId "13521705"]
[BlackFideId "6348173"]
[EventDate "2025.06.10"]

1. e4 c5 2. Nf3 g6 3. d4 cxd4 4. Nxd4 Nc6 5. c4 Nf6 6. Nc3 d6 7. Be3 Ng4 8. Bc1
Qb6 9. h3 Nxf2 10. Kxf2 Bg7 11. Be3 Bxd4 12. Bxd4 Qxd4+ 13. Qxd4 Nxd4 14. Nd5
Rb8 15. Bd3 Be6 16. Ke3 Nc6 17. Rac1 Kd7 18. a3 a6 19. b4 Bxd5 20. cxd5 Ne5 21.
Be2 h5 22. b5 a5 23. b6 Rhc8 24. Bb5+ Kd8 25. a4 Rxc1 26. Rxc1 Rc8 27. Rb1 f6
28. Be2 Rc3+ 29. Kf2 Rc5 30. g4 h4 31. g5 fxg5 32. Rg1 Nf7 33. Ke3 Rc3+ 34. Bd3
Ne5 35. Rd1 Rxd3+ 36. Rxd3 Nxd3 37. Kxd3 g4 38. hxg4 h3 39. Ke3 h2 0-1

[Event "Titled Tue 10th Jun Late"]
[Site "chess.com INT"]
[Date "2025.06.10"]
[Round "1"]
[White "Sliwicka, Alicja"]
[Black "Garcia, Angie"]
[Result "1-0"]
[WhiteTitle "WGM"]
[BlackTitle "WIM"]
[WhiteElo "2299"]
[BlackElo "1996"]
[WhiteFideId "1150677"]
[BlackFideId "6702503"]
[EventDate "2025.06.10"]

1. e4 e6 2. d4 d5 3. Nc3 Bb4 4. Bd3 dxe4 5. Bxe4 Nf6 6. Bf3 O-O 7. Ne2 c5 8. O-O
Nc6 9. d5 Ne5 10. d6 Nxf3+ 11. gxf3 Bd7 12. Bg5 Bc6 13. Ne4 Bxe4 14. fxe4 e5 15.
c3 Ba5 16. Ng3 Qd7 17. Bxf6 gxf6 18. Nf5 Kh8 19. Kh1 Rg8 20. Qf3 Rg6 21. Rad1
Qe6 22. Rd5 Bb6 23. c4 Rd8 24. Rfd1 Rd7 25. Qh5 Rg5 26. Qh6 Rd8 27. d7 Rg6 28.
Qh4 Bc7 29. R5d3 Qxc4 30. Rh3 h6 31. Qxh6+ Rxh6 32. Rxh6+ Kg8 33. Rg1+ Kf8 34.
Rh8# 1-0

[Event "Titled Tue 10th Jun Late"]
[Site "chess.com INT"]
[Date "2025.06.10"]
[Round "1"]
[White "Mahdavi, Reza"]
[Black "Mei, Austin"]
[Result "1-0"]
[WhiteTitle "IM"]
[BlackTitle "FM"]
[WhiteElo "2454"]
[BlackElo "2280"]
[WhiteFideId "12595926"]
[BlackFideId "30948479"]
[EventDate "2025.06.10"]

1. e4 c5 2. Nf3 e6 3. b3 Nc6 4. Bb2 Nf6 5. e5 Nd5 6. c4 Nc7 7. g3 d5 8. exd6
Qxd6 9. Bg2 Bd7 10. O-O O-O-O 11. Nc3 e5 12. Re1 f6 13. a3 Kb8 14. b4 cxb4 15.
axb4 Nxb4 16. Qb3 Bc6 17. Ba3 Nca6 18. d4 exd4 19. Nb5 Qc5 20. Nfxd4 Bxg2 21.
Kxg2 Bd6 22. Bxb4 Qxb4 23. Qf3 Bc5 24. Reb1 Qxc4 25. Nd6 Qd5 26. Qxd5 Rxd6 27.
Qxb7# 1-0

[Event "Titled Tue 10th Jun Late"]
[Site "chess.com INT"]
[Date "2025.06.10"]
[Round "1"]
[White "Kilic, Eray"]
[Black "Ferey, Antonin"]
[Result "1-0"]
[WhiteTitle "IM"]
[BlackTitle "CM"]
[WhiteElo "2474"]
[BlackElo "2238"]
[WhiteFideId "44517173"]
[BlackFideId "36051454"]
[EventDate "2025.06.10"]

1. e4 g6 2. d4 Bg7 3. Nc3 d6 4. f4 Nf6 5. Nf3 O-O 6. Bd3 Na6 7. a3 c5 8. d5 c4
9. Bxc4 b5 10. Bxb5 Nxe4 11. Nxe4 Qa5+ 12. Kf2 Qxb5 13. Re1 Qb6+ 14. Be3 Qxb2
15. Bd4 Bxd4+ 16. Nxd4 Bd7 17. Rb1 Qa2 18. Rb3 Ba4 19. Nc3 Bxb3 20. Nxa2 Bxa2
21. Rxe7 Bxd5 22. Nf5 Bc6 23. Qxd6 Rac8 24. Rxa7 gxf5 25. Rxa6 Be4 26. Rb6 Rxc2+
27. Ke3 Rc3+ 28. Kd2 Rc2+ 29. Kd1 Rxg2 30. Rb8 Rxb8 31. Qxb8+ Kg7 32. h4 Rg4 33.
h5 Rh4 34. Qe5+ Kh6 35. Qf6+ Kxh5 36. Qg5# 1-0

[Event "Titled Tue 10th Jun Late"]
[Site "chess.com INT"]
[Date "2025.06.10"]
[Round "1"]
[White "Szpar, Milosz"]
[Black "Fadi, Marko"]
[Result "0-1"]
[WhiteTitle "IM"]
[BlackTitle "FM"]
[WhiteElo "2495"]
[BlackElo "2298"]
[WhiteFideId "1184989"]
[BlackFideId "10605371"]
[EventDate "2025.06.10"]

1. e4 c5 2. Nc3 Nc6 3. f4 g6 4. Nf3 Bg7 5. a3 d6 6. Bc4 e6 7. d3 Nge7 8. Ba2 O-O
9. O-O Nd4 10. Nxd4 cxd4 11. Ne2 Bd7 12. g4 Kh8 13. Ng3 f5 14. Bd2 Rc8 15. Bb3
b5 16. Qe1 fxg4 17. Ba5 Qe8 18. Bb4 Rc6 19. Qe2 h5 20. Rae1 h4 21. Nh1 e5 22.
fxe5 Bxe5 23. Rxf8+ Qxf8 24. Rf1 Qh6 25. Nf2 Qe3 26. Qxe3 dxe3 27. Nxg4 Bxg4 28.
Rf8+ Kg7 29. Rf7+ Kh6 30. Rxe7 Rc8 31. Be6 Bxe6 32. Rxe6 Rxc2 33. Kf1 Bxh2 34.
Bxd6 Bg3 35. Bxg3 hxg3 36. Rf6 g2+ 37. Kg1 e2 38. Kf2 e1=Q+ 39. Kxe1 g1=Q+ 40.
Rf1 Qe3+ 41. Kd1 Qd2# 0-1

[Event "Titled Tue 10th Jun Late"]
[Site "chess.com INT"]
[Date "2025.06.10"]
[Round "1"]
[White "Labussiere, Victor"]
[Black "Carlsen, Magnus"]
[Result "0-1"]
[WhiteTitle "FM"]
[BlackTitle "GM"]
[WhiteElo "2312"]
[BlackElo "2837"]
[WhiteFideId "2183129"]
[BlackFideId "1503014"]
[EventDate "2025.06.10"]

1. c4 Na6 2. Nf3 g6 3. g3 Bg7 4. Bg2 Nf6 5. O-O O-O 6. Nc3 d6 7. b3 Ne4 8. Bb2
Nxc3 9. Bxc3 Bxc3 10. dxc3 e5 11. Nd2 Nc5 12. b4 Ne6 13. Nb3 Qe7 14. Qd5 c6 15.
Qd2 f5 16. f4 e4 17. Nd4 a5 18. a3 Rd8 19. e3 c5 20. Nb5 Nc7 21. Rfd1 Be6 22.
Bf1 b6 23. Rab1 Nxb5 24. cxb5 axb4 25. axb4 d5 26. bxc5 Qxc5 27. Qd4 Rdc8 28.
Rb3 Qxd4 29. cxd4 Rc2 30. Rbb1 Ra3 31. Rbc1 Rxc1 32. Rxc1 Rxe3 33. Rc6 Kf7 34.
Rxb6 Rb3 35. Rb8 Rb1 36. b6 Bd7 37. Kf2 e3+ 38. Kxe3 Rxf1 39. b7 Rb1 40. Kd2 h5
41. Kc2 Rb6 0-1

[Event "Titled Tue 10th Jun Late"]
[Site "chess.com INT"]
[Date "2025.06.10"]
[Round "1"]
[White "Hariharan, Shambavi"]
[Black "Pavlov, Nikolay"]
[Result "1/2-1/2"]
[WhiteTitle "WCM"]
[BlackTitle "FM"]
[WhiteElo "1936"]
[BlackElo "2316"]
[WhiteFideId "488160"]
[BlackFideId "24141470"]
[EventDate "2025.06.10"]

1. Nf3 Nf6 2. g3 b5 3. Bg2 Bb7 4. O-O a5 5. d3 d6 6. Nbd2 g6 7. e4 Bg7 8. Re1
O-O 9. h3 c5 10. Qe2 e5 11. Nf1 a4 12. Bg5 Nc6 13. Qd2 a3 14. b3 Nd4 15. c3 Ne6
16. Bh6 Qb6 17. Bxg7 Kxg7 18. Ng5 b4 19. c4 Nd4 20. Nf3 Bc8 21. Nxd4 cxd4 22.
Nh2 h5 23. Rf1 h4 24. g4 Nh7 25. f4 exf4 26. Rxf4 Qc5 27. Raf1 Ng5 28. R4f2 Be6
29. Nf3 Nxf3+ 30. Rxf3 f6 31. R3f2 Qe5 32. Qf4 Rf7 33. Qd2 Rb8 34. Rf4 Qg5 35.
Qf2 Qe5 36. Rf3 Rbf8 37. Qxh4 Rh8 38. Qg3 g5 39. Qxe5 dxe5 40. Rc1 Rc8 41. Rf2
Rc5 42. Rd2 Kg6 43. Rf2 1/2-1/2

[Event "Titled Tue 10th Jun Late"]
[Site "chess.com INT"]
[Date "2025.06.10"]
[Round "1"]
[White "Garcia Hernandez, Rebeca"]
[Black "Cadena M, Gustavo Adolfo"]
[Result "0-1"]
[WhiteTitle "WCM"]
[BlackTitle "FM"]
[WhiteElo "1904"]
[BlackElo "2258"]
[WhiteFideId "5180872"]
[BlackFideId "4404815"]
[EventDate "2025.06.10"]

1. Nf3 d5 2. g3 c6 3. Bg2 Nf6 4. O-O Bf5 5. d4 e6 6. b3 a6 7. Bb2 h6 8. Nbd2
Nbd7 9. c4 Be7 10. Rc1 O-O 11. Re1 b5 12. c5 Bh7 13. b4 a5 14. a3 axb4 15. axb4
Ra4 16. Qb3 Ne4 17. Ra1 Rxa1 18. Rxa1 Bf6 19. Nxe4 Bxe4 20. Ra7 Bxf3 21. Bxf3 e5
22. Bg4 Nb8 23. dxe5 Be7 24. e3 Re8 25. e6 fxe6 26. Bxe6+ Kh8 27. Qd3 Bf6 28.
Bxf6 Qxf6 29. Bh3 Rf8 30. Qe2 Qc3 31. Bg2 Qxb4 32. Rc7 Qxc5 33. Qg4 Qc1+ 34. Bf1
Qb2 35. Rc8 Qxf2+ 36. Kh1 Qxf1# 0-1

[Event "Titled Tue 10th Jun Late"]
[Site "chess.com INT"]
[Date "2025.06.10"]
[Round "1"]
[White "Gimeno Martos, Roberto"]
[Black "Novosel, Lovro"]
[Result "0-1"]
[WhiteTitle "CM"]
[BlackTitle "FM"]
[WhiteElo "2090"]
[BlackElo "2338"]
[WhiteFideId "2226804"]
[BlackFideId "14547120"]
[EventDate "2025.06.10"]

1. d4 Nf6 2. Nf3 g6 3. Nc3 d5 4. Bg5 Bg7 5. Qd2 h6 6. Bxf6 exf6 7. e3 O-O 8. Bd3
Bg4 9. Ng1 c6 10. h3 Be6 11. Nge2 Nd7 12. Nf4 Re8 13. O-O f5 14. Rae1 Nf6 15.
Nce2 Ne4 16. Qd1 Qb6 17. f3 Nd6 18. b3 Bd7 19. Ng3 Rxe3 20. Rxe3 Bxd4 21. Kh2
Bxe3 22. Nfe2 Re8 23. h4 h5 24. f4 Bf2 25. Ng1 Bxg3+ 26. Kxg3 Re3+ 27. Rf3 Ne4+
28. Bxe4 fxe4 29. Rxe3 Qxe3+ 30. Kh2 Qxf4+ 31. g3 Qf2+ 32. Kh1 Bg4 33. Qc1 Bf3+
34. Nxf3 exf3 35. Qg1 Qxc2 36. Qe3 Qg2# 0-1

[Event "Titled Tue 10th Jun Late"]
[Site "chess.com INT"]
[Date "2025.06.10"]
[Round "1"]
[White "Hadzovic, Amir"]
[Black "Zierk, Steven"]
[Result "0-1"]
[WhiteTitle "FM"]
[BlackTitle "GM"]
[WhiteElo "2354"]
[BlackElo "2489"]
[WhiteFideId "14402300"]
[BlackFideId "2034255"]
[EventDate "2025.06.10"]

1. e4 c5 2. Nc3 Nc6 3. f4 g6 4. Nf3 Bg7 5. a3 d6 6. Bc4 Nf6 7. d3 e6 8. O-O O-O
9. Ba2 Rb8 10. Qe1 b5 11. Qh4 Nd4 12. f5 exf5 13. Bg5 Ne6 14. exf5 gxf5 15. Bh6
Ng4 16. Bxg7 Qxh4 17. Nxh4 Nxg7 18. Nd5 Kh8 19. Ne7 Ne3 20. Rf2 d5 21. Nxd5 Nxd5
22. Bxd5 Be6 23. Bxe6 fxe6 24. Re1 b4 25. axb4 Rxb4 26. b3 Rxh4 27. Rfe2 Kg8 28.
Re5 Rc8 29. Ra1 Rc7 30. Ra6 Rb4 31. Ra5 Kf7 32. Rexc5 Rxc5 33. Rxc5 Rb7 34. Kf2
Kf6 35. Ke3 e5 36. Ra5 Ne6 37. c3 Rxb3 38. Rxa7 Rxc3 39. Rxh7 Nf4 40. g3 Rxd3+
41. Kf2 Nd5 42. Rh6+ Kg5 43. Rh8 Rd2+ 44. Kg1 e4 45. Rg8+ Kf6 46. h4 e3 47. h5
Rd1+ 48. Kg2 e2 0-1

[Event "Titled Tue 10th Jun Late"]
[Site "chess.com INT"]
[Date "2025.06.10"]
[Round "1"]
[White "Pajcin, Lav"]
[Black "Ferraz, Michel Liah"]
[Result "1-0"]
[WhiteTitle "FM"]
[WhiteElo "2281"]
[BlackElo "2007"]
[WhiteFideId "966746"]
[BlackFideId "22743219"]
[EventDate "2025.06.10"]

1. d4 Nf6 2. c4 e6 3. Nc3 d5 4. cxd5 exd5 5. Bg5 Be7 6. e3 O-O 7. Bd3 h6 8. Bh4
c6 9. Nf3 Re8 10. h3 Nbd7 11. O-O Ne4 12. Bxe7 Qxe7 13. Qc2 Ndf6 14. Rab1 a5 15.
a3 Bf5 16. b4 axb4 17. axb4 Ra3 18. Bxe4 Nxe4 19. Nxe4 Bxe4 20. Qb2 Rea8 21. Nd2
Ra2 22. Qc3 Rc2 23. Nxe4 Rxc3 24. Nxc3 f5 25. b5 Ra3 26. Ne2 g5 27. bxc6 bxc6
28. Rbc1 Qb7 29. Ng3 f4 30. exf4 gxf4 31. Nf5 Kh7 32. Rfe1 Kg6 33. Ne7+ Kf7 34.
Nxc6 Qb6 35. Ne5+ Kg7 36. Nf3 Ra2 37. Re7+ Kf6 38. Rce1 Ra6 39. Re8 Qa5 40. Rf8+
Kg7 41. Rxf4 Rf6 42. Re7+ Kf8 43. Rxf6+ Kxe7 44. Rxh6 Qa1+ 45. Kh2 Qc1 46. Rh4
Qf1 47. Kg3 Kf6 48. Rf4+ Ke6 49. h4 Qd3 50. Kg4 Qg6+ 51. Ng5+ Kd6 52. h5 Qh6 53.
Nf7+ 1-0

[Event "Titled Tue 10th Jun Late"]
[Site "chess.com INT"]
[Date "2025.06.10"]
[Round "1"]
[White "Salman, Ilhan Serhat"]
[Black "Castillo Pena, Patricia Evarista"]
[Result "1-0"]
[BlackTitle "WFM"]
[WhiteElo "2092"]
[BlackElo "1909"]
[WhiteFideId "6361579"]
[BlackFideId "6412106"]
[EventDate "2025.06.10"]

1. b3 d5 2. Bb2 c5 3. e3 Nc6 4. Nf3 Nf6 5. Bb5 Bd7 6. O-O e6 7. d4 cxd4 8. Nxd4
Nxd4 9. Bxd7+ Qxd7 10. Qxd4 Be7 11. Nd2 O-O 12. Rfd1 Rfd8 13. Rac1 Rac8 14. h3
a6 15. Nf3 b5 16. Ne5 Qb7 17. Ng4 Qc7 18. Ne5 Qc5 19. Qf4 Bd6 20. Qg5 h6 21. Qh4
Qc7 22. Ng4 Nxg4 23. Qxg4 Be5 24. Bd4 Bxd4 25. Qxd4 Qc3 26. Qb6 Qc6 27. Qa5 Rd6
28. Rd3 Qb7 29. Qd2 Rdc6 30. f4 Qc7 31. c3 Qa5 32. f5 R8c7 33. e4 dxe4 34. Rd8+
Kh7 35. fxe6 Rxe6 36. Qe3 Qb6 37. Rd4 Rce7 38. Re1 Qc6 39. Re2 f5 40. Qf4 g6 41.
c4 bxc4 42. Rxc4 Qd6 43. Qf1 Qb6+ 44. Kh1 Qa5 45. Qc1 Qe5 46. Rc5 Qf6 47. Rc8
Rf7 48. Qc4 Ree7 49. Rc6 Qg5 50. Qxa6 h5 51. Re1 1-0

[Event "Titled Tue 10th Jun Late"]
[Site "chess.com INT"]
[Date "2025.06.10"]
[Round "1"]
[White "Kleimenov, Nikolay"]
[Black "Pereyra, Horacio"]
[Result "1-0"]
[WhiteTitle "CM"]
[WhiteElo "2199"]
[BlackElo "2133"]
[WhiteFideId "34414223"]
[BlackFideId "113700"]
[EventDate "2025.06.10"]

1. e4 c5 2. Nf3 d6 3. d4 cxd4 4. Nxd4 Nf6 5. Nc3 g6 6. Be3 Bg7 7. f3 O-O 8. Qd2
Nc6 9. O-O-O d5 10. exd5 Nxd5 11. Nxc6 bxc6 12. Bd4 e5 13. Bc5 Be6 14. Ne4 Re8
15. h4 h6 16. h5 g5 17. g4 Nf4 18. Qc3 Nd5 19. Qa3 Qb8 20. Bc4 Rd8 21. Bb3 a5
22. Qa4 Qc7 23. c3 Rab8 24. Rh2 Nf4 25. Rhd2 Rxd2 26. Rxd2 Bxb3 27. axb3 Rd8 28.
Bd6 Qb6 29. Bc5 Qc7 30. Qc4 Rxd2 31. Kxd2 Qd8+ 32. Bd6 Bf8 33. Qxc6 Bxd6 34.
Qxd6 Qc8 35. Qxh6 Qd8+ 36. Qd6 Qa8 37. Qxe5 Qb7 38. Qxg5+ Kf8 39. Qxf4 Qxb3 40.
Qd6+ Kg8 41. Qd8+ Kh7 42. Ng5+ Kg7 43. h6+ Kg6 44. Qg8+ Kf6 45. Qg7+ Ke7 46.
Qxf7+ Qxf7 47. Nxf7 1-0

[Event "Titled Tue 10th Jun Late"]
[Site "chess.com INT"]
[Date "2025.06.10"]
[Round "1"]
[White "Principe, Gerson"]
[Black "Lissillour, Baptiste"]
[Result "1-0"]
[WhiteTitle "FM"]
[BlackTitle "FM"]
[WhiteElo "2176"]
[BlackElo "2312"]
[WhiteFideId "3804550"]
[BlackFideId "45179620"]
[EventDate "2025.06.10"]

1. d4 Nf6 2. Nf3 g6 3. e3 Bg7 4. Be2 O-O 5. O-O b6 6. a4 Bb7 7. a5 bxa5 8. Nbd2
d6 9. c3 Nbd7 10. Nb3 c5 11. Nxa5 Qc7 12. Nxb7 Qxb7 13. Qa4 a5 14. Bd2 Ne4 15.
Rfb1 Rfb8 16. Be1 Nb6 17. Qc2 a4 18. Ra2 Qc6 19. Rba1 h6 20. Bd3 d5 21. Qd1 cxd4
22. exd4 Nc4 23. Qe2 a3 24. b4 f5 25. Bxc4 Qxc4 26. Qxc4 dxc4 27. Rxa3 Rxa3 28.
Rxa3 Nd6 29. Ra7 Kf7 30. Kf1 Nb5 31. Ra5 Nd6 32. Nd2 g5 33. Rc5 Ra8 34. Nxc4 Ne4
35. Rxf5+ Kg6 36. Ra5 Rc8 37. Ne5+ Bxe5 38. Rxe5 Nxc3 39. Rc5 1-0

[Event "Titled Tue 10th Jun Late"]
[Site "chess.com INT"]
[Date "2025.06.10"]
[Round "1"]
[White "Przybylski, Bartosz"]
[Black "Niemann, Hans Moke"]
[Result "0-1"]
[WhiteTitle "CM"]
[BlackTitle "GM"]
[WhiteElo "2101"]
[BlackElo "2736"]
[WhiteFideId "21878323"]
[BlackFideId "2093596"]
[EventDate "2025.06.10"]

1. e4 e5 2. Bc4 Nf6 3. d3 Bc5 4. Nc3 c6 5. Qf3 d6 6. h3 Nbd7 7. Nge2 Nf8 8. Be3
Bxe3 9. Qxe3 Ng6 10. O-O O-O 11. f4 exf4 12. Nxf4 Re8 13. Nxg6 hxg6 14. Bb3 d5
15. Qf3 Be6 16. Rae1 a5 17. exd5 cxd5 18. a4 Qb6+ 19. Kh1 Rad8 20. Ne2 d4 21.
Nc1 Nd5 22. Bxd5 Rxd5 23. Qxd5 Bxd5 24. Rxe8+ Kh7 25. b3 Qc7 26. Re2 Qg3 27. Kg1
f6 28. Ref2 g5 29. Ne2 Qe3 30. Kh2 Qe5+ 31. Kg1 Bc6 32. Kh1 f5 33. Ng1 g4 34.
Rxf5 Qg3 35. R1f2 Kh6 36. R5f4 gxh3 37. Nxh3 Qxh3+ 38. Kg1 Qe3 39. Kh2 Qe5 40.
Kg1 Kg5 41. Rf8 Kg4 42. Rf1 Qe3+ 43. R1f2 Kg3 44. Kf1 Qc1+ 45. Ke2 Qxc2+ 46. Kf1
Qd1# 0-1

[Event "Titled Tue 10th Jun Late"]
[Site "chess.com INT"]
[Date "2025.06.10"]
[Round "1"]
[White "Woodward, Andy"]
[Black "Shearsby, Jude"]
[Result "1-0"]
[WhiteTitle "GM"]
[BlackTitle "CM"]
[WhiteElo "2567"]
[BlackElo "2160"]
[WhiteFideId "30953499"]
[BlackFideId "462527"]
[EventDate "2025.06.10"]

1. c4 c6 2. b4 Nf6 3. Bb2 d5 4. cxd5 cxd5 5. e3 a6 6. f4 Nc6 7. a3 g6 8. Bd3 Bg7
9. Nf3 O-O 10. O-O Re8 11. Qe1 Bg4 12. Nd4 Nxd4 13. Bxd4 Rc8 14. Nc3 Qd7 15. b5
Bf5 16. Be2 Ra8 17. Na4 Qd6 18. Be5 Qd8 19. Nc5 Qb6 20. Nb3 axb5 21. Nd4 Ne4 22.
Bxg7 Kxg7 23. Qb1 Qf6 24. Qb2 e6 25. g4 Bxg4 26. Bxg4 h5 27. Bf3 Ra4 28. Qxb5
Rxd4 29. exd4 Qxd4+ 30. Kh1 Nf2+ 31. Kg2 Nd3 32. Qxe8 Nxf4+ 33. Kh1 Qxd2 34. Qa4
e5 35. Rad1 Qc3 36. Qb4 Qe3 37. Qd2 Qxa3 38. Bxd5 Qh3 39. Rxf4 exf4 40. Qxf4 Qg4
41. Qxf7+ 1-0

[Event "Titled Tue 10th Jun Late"]
[Site "chess.com INT"]
[Date "2025.06.10"]
[Round "1"]
[White "Silva, Luca"]
[Black "Beerdsen, Thomas"]
[Result "0-1"]
[WhiteTitle "FM"]
[BlackTitle "GM"]
[WhiteElo "2211"]
[BlackElo "2538"]
[WhiteFideId "147370"]
[BlackFideId "1030108"]
[EventDate "2025.06.10"]

1. e4 e5 2. Nf3 Nc6 3. Bc4 Nf6 4. d3 h6 5. O-O d6 6. Re1 g6 7. a4 a6 8. Nc3 Bg7
9. Nd5 O-O 10. c3 Kh7 11. h3 Be6 12. Nxf6+ Qxf6 13. Bd5 Bxd5 14. exd5 Ne7 15. c4
c6 16. dxc6 bxc6 17. Be3 Rab8 18. Rb1 Nf5 19. b4 Rb7 20. b5 axb5 21. axb5 cxb5
22. cxb5 Rfb8 23. Qa4 d5 24. Bd2 Qd6 25. Bc3 d4 26. Bd2 Qd5 27. Rec1 Rxb5 28.
Rxb5 Rxb5 29. Qa7 Rb7 30. Qa8 e4 31. dxe4 Qxe4 32. Qd8 Rb1 33. Rxb1 Qxb1+ 34.
Kh2 Qe4 35. Qd7 Be5+ 36. Kg1 Qb1+ 37. Be1 Kg7 38. g4 Nh4 39. Nxh4 Qxe1+ 40. Kg2
Qe4+ 41. Nf3 d3 42. g5 hxg5 43. Qe7 g4 44. hxg4 Qxg4+ 45. Kf1 Bf6 46. Qe3 Qh3+
47. Kg1 Qg4+ 48. Kf1 Qc4 49. Nd2 Qd5 50. Nf3 g5 51. Kg1 g4 52. Nd2 Bg5 53. Qe4
Qxe4 54. Nxe4 d2 55. Nc3 Kf6 56. Kf1 Ke5 57. Ke2 f5 58. Nd1 Kd4 59. Nb2 Kc3 60.
Nd1+ Kc2 0-1

[Event "Titled Tue 10th Jun Late"]
[Site "chess.com INT"]
[Date "2025.06.10"]
[Round "1"]
[White "Bortnyk, Olexandr"]
[Black "Wu, Rochelle"]
[Result "1-0"]
[WhiteTitle "GM"]
[BlackTitle "FM"]
[WhiteElo "2601"]
[BlackElo "2211"]
[WhiteFideId "14120828"]
[BlackFideId "30908132"]
[EventDate "2025.06.10"]

1. d4 d5 2. Nc3 Nf6 3. Bf4 a6 4. e3 e6 5. a3 c5 6. Nf3 Nc6 7. Bd3 Bd6 8. dxc5
Bxc5 9. Qe2 Qe7 10. e4 d4 11. Nb1 e5 12. Bc1 Bg4 13. Nbd2 Rc8 14. h3 Bh5 15. O-O
O-O 16. Re1 Bd6 17. Nf1 Qd7 18. Ng3 Bg6 19. Nh4 Nd8 20. Ngf5 Ne6 21. Qf3 Nc5 22.
Bd2 Rfe8 23. Nxd6 Qxd6 24. Bb4 Qe6 25. g4 Nxd3 26. cxd3 Rc2 27. Re2 Rec8 28.
Rae1 Qb3 29. Bd6 Qe6 30. Bb4 b6 31. Nf5 Bxf5 32. exf5 Qb3 33. Rxe5 h6 34. h4 a5
35. g5 axb4 36. gxf6 gxf6 37. Re8+ Kh7 38. Qg3 1-0

[Event "Titled Tue 10th Jun Late"]
[Site "chess.com INT"]
[Date "2025.06.10"]
[Round "1"]
[White "Qi, Jenny"]
[Black "Noroozi, Omid"]
[Result "0-1"]
[WhiteTitle "WFM"]
[BlackTitle "IM"]
[WhiteElo "1946"]
[BlackElo "2266"]
[WhiteFideId "30995914"]
[BlackFideId "12501190"]
[EventDate "2025.06.10"]

1. d4 Nf6 2. Bf4 e6 3. e3 c5 4. c3 d5 5. Bd3 Bd6 6. Bg3 O-O 7. Nf3 Qc7 8. Nbd2
Nbd7 9. O-O e5 10. dxe5 Nxe5 11. Nxe5 Bxe5 12. Nf3 Bxg3 13. hxg3 Bg4 14. Be2
Rad8 15. Nh2 Bxe2 16. Qxe2 Rfe8 17. Ng4 Ne4 18. Rad1 Qc6 19. Qf3 Qg6 20. Nh2 h5
21. Qf4 Rd6 22. Nf3 Rf6 23. Qh4 Rf5 24. Rd3 Rxf3 25. gxf3 Ng5 26. Kg2 Nxf3 27.
Qf4 Qxd3 28. Qxf3 h4 29. gxh4 Re6 30. h5 Rf6 31. Qg3 Qe4+ 32. Kh2 Rf3 33. Qg5 f6
34. Qg2 Qh4+ 35. Kg1 Rf5 36. Qg3 Rg5 0-1

[Event "Titled Tue 10th Jun Late"]
[Site "chess.com INT"]
[Date "2025.06.10"]
[Round "1"]
[White "Sliwicki, Damian"]
[Black "Haug, Havard"]
[Result "0-1"]
[WhiteTitle "CM"]
[BlackTitle "FM"]
[WhiteElo "2161"]
[BlackElo "2354"]
[WhiteFideId "1127128"]
[BlackFideId "1547887"]
[EventDate "2025.06.10"]

1. e4 c6 2. Nc3 d5 3. Nf3 a6 4. exd5 cxd5 5. d4 Bg4 6. h3 Bxf3 7. Qxf3 e6 8. Bd2
Nc6 9. O-O-O Nf6 10. Bg5 Be7 11. Kb1 b5 12. Ne2 Ne4 13. Bxe7 Qxe7 14. Ng3 Nd6
15. Bd3 Nc4 16. Rhe1 O-O 17. Qg4 Qb4 18. b3 Qa3 19. Bxc4 bxc4 20. Nh5 g6 21.
Nf6+ Kg7 22. Qh4 h6 23. Ng4 h5 24. Qf6+ Kh7 25. Re3 Nb4 26. Rc3 Qxa2+ 27. Kc1
cxb3 28. Qg5 hxg4 29. hxg4 Kg7 30. Rf3 Qxc2# 0-1

[Event "Titled Tue 10th Jun Late"]
[Site "chess.com INT"]
[Date "2025.06.10"]
[Round "1"]
[White "Deng, Henry"]
[Black "Sarasketa Irastortza, Oier"]
[Result "1-0"]
[WhiteTitle "FM"]
[BlackTitle "CM"]
[WhiteElo "2327"]
[BlackElo "2190"]
[WhiteFideId "30965454"]
[BlackFideId "54728207"]
[EventDate "2025.06.10"]

1. Nf3 Nf6 2. b3 b6 3. Bb2 Bb7 4. e3 g6 5. Be2 Bg7 6. O-O O-O 7. c4 c5 8. Nc3
Nc6 9. d4 cxd4 10. Nxd4 Nxd4 11. exd4 Rc8 12. Rc1 d5 13. Bf3 Qd7 14. cxd5 Nxd5
15. Ne4 Rxc1 16. Bxc1 Nf6 17. Ng5 h6 18. Bxb7 Qxb7 19. Nf3 Rd8 20. Ba3 e6 21. h3
Qd5 22. Qe2 Ne4 23. Bb2 Nd6 24. Rc1 Nb5 25. Rc4 Rd7 26. Qc2 Nd6 27. Rc7 Nf5 28.
Rxd7 Qxd7 29. Qc4 Qd5 30. Kf1 Qxc4+ 31. bxc4 Nd6 32. Nd2 Kf8 33. Ba3 Ke7 34. Ne4
Bxd4 35. Nxd6 Kf6 36. Nb5 Be5 37. Nxa7 Kf5 38. Nc6 Bc3 39. Ke2 Ke4 40. Nd8 f5
41. Nxe6 Ke5 42. Nf8 g5 43. Kd3 1-0

[Event "Titled Tue 10th Jun Late"]
[Site "chess.com INT"]
[Date "2025.06.10"]
[Round "1"]
[White "Maghsoodloo, Parham"]
[Black "Kodihalli, Kaustubh"]
[Result "1-0"]
[WhiteTitle "GM"]
[WhiteElo "2691"]
[BlackElo "2038"]
[WhiteFideId "12539929"]
[BlackFideId "30956455"]
[EventDate "2025.06.10"]

1. d4 d5 2. c4 c6 3. Nc3 Nf6 4. e3 e6 5. Bd3 dxc4 6. Bxc4 b5 7. Be2 a6 8. g4 Bb7
9. Bf3 Be7 10. Nge2 O-O 11. Ng3 Qc7 12. g5 Nfd7 13. e4 c5 14. d5 Bd6 15. O-O Nb6
16. dxe6 fxe6 17. Bg4 Re8 18. f4 Nc6 19. Be3 Rad8 20. Qf3 Nc4 21. Bc1 Nd4 22.
Qf2 b4 23. Nce2 Nxe2+ 24. Qxe2 Nb6 25. Be3 Bc6 26. Qf2 Bb5 27. Rfd1 Nc4 28. Bc1
Nb6 29. b3 c4 30. Be3 Nc8 31. bxc4 Bxc4 32. Rac1 Qc6 33. Qc2 Nb6 34. Be2 Rc8 35.
Qd2 Bc7 36. Kg2 Rcd8 37. Qc2 Rxd1 38. Bxd1 Qb5 39. Bxb6 Bd3 40. Qxc7 Rc8 41.
Qxc8+ 1-0

[Event "Titled Tue 10th Jun Late"]
[Site "chess.com INT"]
[Date "2025.06.10"]
[Round "1"]
[White "Tahbaz, Arash"]
[Black "Mohammadi, Sina"]
[Result "1-0"]
[WhiteTitle "IM"]
[WhiteElo "2462"]
[BlackElo "1979"]
[WhiteFideId "12528846"]
[BlackFideId "30904340"]
[EventDate "2025.06.10"]

1. Nf3 d5 2. g3 Nf6 3. Bg2 Bg4 4. O-O Nbd7 5. h3 Bxf3 6. Bxf3 e6 7. d3 Be7 8.
Nd2 O-O 9. e4 dxe4 10. dxe4 c6 11. Qe2 Qc7 12. Bg2 Rfd8 13. f4 Bc5+ 14. Kh2 Nf8
15. e5 Nd5 16. Ne4 Be7 17. c4 Nb4 18. a3 Na6 19. Be3 Rd7 20. c5 Rad8 21. Nd6 Nb8
22. f5 exf5 23. Rxf5 Bxd6 24. exd6 Qa5 25. Raf1 Qa4 26. b4 Qxa3 27. Bg5 f6 28.
Qc4+ Rf7 29. Bxf6 g6 30. Bxd8 gxf5 31. Rxf5 1-0